000 00712nam a2200253 i 4500
001 C2-0218761
003 PPAK
005 20180728111049.0
008 990809s1991 my a|||| ||||| | may d
020 _a9836221174
040 _aPPAK
_beng
_cPPAK
_erda
082 0 4 _a959
_2 23
090 0 0 _a959
_bABU
_dG
090 0 0 _a959
_bABU
_dKK
100 0 _aAbu Talib Ahmad,
_eauthor
245 1 0 _aSejarah tanah besar Asia Tenggara
264 1 _aKuala Lumpur :
_bDewan Bahasa dan Pustaka ,
_c1991
300 _axxiii, 332 pages :
_billustrations ;
_c22 cm
336 _2rdacontent
_atext
337 _2rdamedia
_aunmediated
338 _2rdacarrier
_avolume
650 1 0 _aSoutheast Asia History.
942 _ddc
_cB
999 _c161489
_d161489